000 00753aam a2200289 i 4500
001 768714001
003 CO-MdFUSB
005 20250528155708.0
007 ta
008 250528t1977 -usa|||| |||| 00| 0 eng d
040 _cCO-MdFUSB
041 0 _aeng
082 0 4 _223
_a248.482
_bG1623t
100 1 _aGallagher, Chuck (1927-)
_eautor
245 1 0 _aLove takes greatness
_c/ Chuck Gallagher
264 1 _bWilliam H. Sadlier,
_aNew York, USA :
_c[1977]
264 4 _c©1977
300 _a144 páginas
336 _atexto
_btxt
_2rdacontent
337 _2rdamedia
_asin mediación
_bn
338 _2rdacarrier
_avolumen
_bnc
563 _aRústico
650 7 _aMatrimonio
_9300
942 _cBK
945 _aJTF-925
999 _c36015
_d36015